[Event "C14Blitz"]
[Site "?"]
[Date "2021.08.26"]
[Round "13.10"]
[White "Demski, Michal"]
[Black "Borowik, Wojciech"]
[Result "0-1"]
[BlackElo "1444"]
[WhiteElo "1798"]
[LiveChessVersion "1.4.4"]

1. e4 {[%clk 0:03:02]} c5 {[%clk 0:03:03]} 2. Nc3 {[%clk 0:03:04]} d6
{[%clk 0:03:02]} 3. d4 {[%clk 0:03:04]} cxd4 {[%clk 0:03:00]} 4. Qxd4
{[%clk 0:03:05]} Nf6 {[%clk 0:02:57]} 5. f3 {[%clk 0:03:00]} e5 {[%clk 0:02:43]}
6. Qd2 {[%clk 0:03:01]} Nc6 {[%clk 0:02:42]} 7. b3 {[%clk 0:02:59]} Be6
{[%clk 0:02:42]} 8. Bb2 {[%clk 0:03:00]} Be7 {[%clk 0:02:36]} 9. O-O-O
{[%clk 0:03:01]} Nd4 {[%clk 0:02:32]} 10. Nge2 {[%clk 0:02:58]} Nxe2+
{[%clk 0:02:30]} 11. Bxe2 {[%clk 0:02:59]} a6 {[%clk 0:02:29]} 12. g4
{[%clk 0:03:00]} h6 {[%clk 0:02:22]} 13. h4 {[%clk 0:03:01]} Qc7 {[%clk 0:02:22]}
14. g5 {[%clk 0:02:33]} Nh5 {[%clk 0:02:20]} 15. Kb1 {[%clk 0:01:59]} Nf4
{[%clk 0:02:16]} 16. Rdg1 {[%clk 0:01:28]} h5 {[%clk 0:02:09]} 17. Bd1
{[%clk 0:01:18]} g6 {[%clk 0:02:02]} 18. Ne2 {[%clk 0:01:18]} Nxe2
{[%clk 0:02:00]} 19. Bxe2 {[%clk 0:01:19]} O-O-O {[%clk 0:01:50]} 20. c4
{[%clk 0:01:09]} Rhe8 {[%clk 0:01:38]} 21. Rc1 {[%clk 0:01:06]} Kb8
{[%clk 0:01:37]} 22. Rhg1 {[%clk 0:00:49]} Rd7 {[%clk 0:01:29]} 23. f4
{[%clk 0:00:23]} Bd8 {[%clk 0:01:19]} 24. Bd3 {[%clk 0:00:13]} exf4
{[%clk 0:01:19]} 25. Qxf4 {[%clk 0:00:15]} Qc6 {[%clk 0:01:18]} 26. Rgd1
{[%clk 0:00:11]} Bg4 {[%clk 0:01:16]} 27. Rd2 {[%clk 0:00:11]} Ba5
{[%clk 0:01:16]} 28. Bc3 {[%clk 0:00:08]} Bxc3 {[%clk 0:01:16]} 29. Rxc3
{[%clk 0:00:10]} Qc5 {[%clk 0:01:13]} 30. Be2 {[%clk 0:00:08]} Rxe4
{[%clk 0:01:03]} 31. Qf6 {[%clk 0:00:03]} Rxe2 {[%clk 0:00:59]} 32. Qh8+
{[%clk 0:00:03]} Kc7 {[%clk 0:00:59]} 33. Rd5 {[%clk 0:00:03]} Qg1+
{[%clk 0:00:58]} 34. Rc1 {[%clk 0:00:04]} Qf2 {[%clk 0:00:47]} 35. c5
{[%clk 0:00:04]} Bf5+ {[%clk 0:00:44]} 36. Rxf5 {[%clk 0:00:05]} Qxf5+
{[%clk 0:00:44]} 37. Ka1 {[%clk 0:00:06]} Qe5+ {[%clk 0:00:45]} 38. Qxe5 dxe5
{[%clk 0:00:44]} 39. Rf1 {[%clk 0:00:07]} e4 {[%clk 0:00:44]} 40. Kb1
{[%clk 0:00:07]} e3 {[%clk 0:00:43]} 41. Kc1 {[%clk 0:00:08]} Red2
{[%clk 0:00:43]} 42. Re1 {[%clk 0:00:09]} e2 {[%clk 0:00:43]} 43. c6
{[%clk 0:00:10]} bxc6 {[%clk 0:00:44]} 44. a4 {[%clk 0:00:11]} Rd1+
{[%clk 0:00:44]} 0-1